000 00926cab a2200277 4500
001 ABS49882
008 090401t1993 xxu||||| |||| 00| 0 eng d
035 _a(Sirsi) u73176
041 _aeng
100 _aWigan, M.
245 3 _aAn end to sporting rates
260 _c1993
350 _a0
490 _aField
_v281(7074) December 1993, 49(1)
520 _aSporting rates will no longer be levied in Scotland after April 1995, and the money thus released, £3m, will be free to be used on improving estate management and employment in the Highlands. Looks back at the introduction of sporting rates and the movement to have them abolished.
650 _aDEER
650 _aRURAL ECONOMY
650 _aSCOTLAND
650 _aSPORTING LEASES
650 _aSPORTING RATES
650 _aSPORTING TENANCIES
690 _aRATING AND VALUATION
690 _aRURAL PRACTICE
942 _n0
948 _c04/03/1997
999 _c46277
_d46277